000 01202nam a2200325Ia 4500
001 004087
008 221003s1998 xx 000 0 spa d
035 _aCENDO_6675
041 _aspa
084 _aFM-00006-00003
245 0 _aDecreto 451/1994, de 15 de noviembre, por el que se crea el Consejo Andaluz de Formación Profesional /
_cmaterial elaborado por Joan Estarás Fernández con la colaboración de Esperanza Quesada Jiménez [y la Secretaría Confedral de Formación y Cultura de CC.OO.]
260 _a[S.l. :
_bs.n.],
_c1998
300 _a20 p. ;
_c 30 cm
490 _aDecretos de Consejos de Formación Profesional ;
_v2
650 _aFORMACION PROFESIONAL
_9148
650 _aLEGISLACION
_9111
650 _aESPAÑA
_99
650 _aANDALUCIA
_9516
700 _aESTARAS FERNANDEZ, Joan,
_ecomp.
_96768
700 _aQUESADA JIMENEZ, Esperanza,
_ecomp.
_96769
710 _aANDALUCIA
_bConsejo de Formación Profesional
_96770
710 _aCCOO
_bConfederación Sindical
_bSecretaría de Formación y Cultura
_9322
901 _a0
903 _aNO
904 _a000
953 _d2000-11-27
_yDOCUMENTO
_oFM-00006-00003
999 _c6674
_d6674
910 _a1998
942 _cDOCUMENTO